|
|
|
|
| LEADER |
00000nab a2200000uu 4500 |
| 001 |
vtls010902722 |
| 003 |
SK-MaSNL |
| 005 |
20260303142429.0 |
| 008 |
230222|1985 xo |||||||||||||||||slo| |
| 015 |
|
|
|a SNBRB
|
| 035 |
|
|
|a (urnnbn)urn:nbn:sk:snk:ar-a07pdt
|
| 035 |
|
|
|a (uuid)b2c622f2-0ddd-4b6f-892f-2f43d56fd876
|
| 035 |
|
|
|a urn:nbn:sk:snk-ab8tx4
|
| 040 |
|
|
|a SNKBUCL
|b slo
|c SNKBUCL
|e AACR2
|
| 041 |
0 |
|
|a slo
|
| 044 |
|
|
|a xo
|c SK
|
| 100 |
1 |
|
|a Lukniš, Michal,
|d 1916-1986
|4 aut
|9 37065
|
| 245 |
1 |
0 |
|a PRÍSPEVOK KU GEOGRAFII TATRANSKÝCH JAZIER
|c Michal Lukniš
|
| 773 |
0 |
|
|t Acta Facultatis rerum naturalium Universitatis Comenianae
|g Roč. 25, č. 25 (1985), s. 113-135
|
| 954 |
|
|
|a odborná, vedecká literatúra pôvodná (slovenská)
|2 lita
|
| 958 |
|
|
|a OND
|
| 958 |
|
|
|a EUIPO
|
| 958 |
|
|
|a article10
|
| 999 |
|
|
|c 1982808
|d 1984738
|